| 000 | 00616nam a22001817a 4500 | ||
|---|---|---|---|
| 005 | 20251108164121.0 | ||
| 008 | 250721s1997 xx 000 0 ara d | ||
| 082 | 1 | 4 | _a218,2/وضا |
| 100 | 1 | _aإبن وضاح، أبو عبد الله محمد ... | |
| 245 | 1 | 0 | _aالبدع و النهي عنها / |
| 264 | 1 |
_aبيروت : _bدار الكتب العلمية، _c1997. |
|
| 300 | _a151ص | ||
| 650 | 1 | 7 | _aالبدع |
| 650 | 1 | 7 | _aالشعائر الدينية |
| 700 | 1 |
_aالشافعي، أبو عبد الله محمد حسن محمد حسني إسماعيل _eتحقيق |
|
| 942 |
_2ddc _cBK |
||
| 999 |
_c4027 _d4027 |
||